00257nam a2200109Ia 4500008004100000100002300041245002800064250001200092260002700104300000800131650000800139191201s2011 xx 000 0 und d aJOSHI,Rakesh mohan 0aInternational Marketing aIMP 5th c2011bOxfordaN. delhi a750 aMBA